00270nam a2200109Ia 4500008004100000100001800041245003800059260002300097650001500120942000800135999001700143190216s9999||||xx |||||||||||||| ||und|| aYogesh Sharma 0aKumars Objective Type Arithamatic bKumar Publications aReferences cREF c35630d35630